Don Lucas del Cigarral (Record no. 184470)
[ view plain ]
| 000 -LEADER | |
|---|---|
| campo de control de longitud fija | 01085nam a2200265 i 4500 |
| 001 - NÚMERO DE CONTROL | |
| campo de control | 184470 |
| 003 - IDENTIFICADOR DE NÚMERO DE CONTROL | |
| campo de control | ES-MaACL |
| 005 - FECHA Y HORA DE LA ÚLTIMA TRANSACCIÓN | |
| campo de control | 20250511130153.0 |
| 008 - DATOS DE LONGITUD FIJA--INFORMACIÓN GENERAL | |
| campo de control de longitud fija | 150904s1921 sp |||| | spa d |
| 080 ## - NÚMERO DE LA CLASIFICACIÓN DECIMAL UNIVERSAL | |
| Número de la Clasificación Decimal Universal | 821.134.2-293.21"18" |
| 100 1# - ENTRADA PRINCIPAL--NOMBRE DE PERSONA | |
| Nombre de persona | Luceño, Tomás. |
| 9 (RLIN) | 74566 |
| 245 10 - MENCIÓN DEL TÍTULO | |
| Título | Don Lucas del Cigarral |
| Resto del título | : zarzuela en tres actos, refundición de la comedia de Don Francisco de Rojas "Entre bobos anda el juego" / |
| Mención de responsabilidad, etc. | original de Tomás Luceño y Carlos Fernández Shaw. |
| 260 ## - PUBLICACIÓN, DISTRIBUCIÓN, ETC. | |
| Lugar de publicación, distribución, etc. | Madrid : |
| Nombre del editor, distribuidor, etc. | Prensa Popular, |
| Fecha de publicación, distribución, etc. | [1921] |
| 300 ## - DESCRIPCIÓN FÍSICA | |
| Extensión | [32] p. ; |
| Dimensiones | 20 cm. |
| 490 1# - MENCIÓN DE SERIE | |
| Mención de serie | La novela teatral, Año VI ; |
| Designación de volumen o secuencia | 235 - Madrid, 22 mayo 1921 |
| 597 ## - NOTA DE DESCRIPCIÓN FÍSICA | |
| NOTA DE DESCRIPCIÓN FÍSICA | P. sin numerar. |
| 599 ## - NOTA A LAS ILUSTRACIONES | |
| NOTA A LAS ILUSTRACIONES | En cub.: caricatura de Ceferino Palencia, por Tovar. |
| 700 1# - ENTRADA AGREGADA--NOMBRE PERSONAL | |
| Nombre de persona | Fernández-Shaw, Carlos, |
| Fechas asociadas al nombre | 1865-1911 |
| 9 (RLIN) | 50098 |
| 700 1# - ENTRADA AGREGADA--NOMBRE PERSONAL | |
| Nombre de persona | Rojas Zorrilla, Francisco de, |
| Fechas asociadas al nombre | 1607-1648 |
| 9 (RLIN) | 99085 |
| 700 0# - ENTRADA AGREGADA--NOMBRE PERSONAL | |
| Nombre de persona | Tovar |
| Títulos y otros términos asociados al nombre | , ilustrador. |
| 9 (RLIN) | 157378 |
| 740 02 - ENTRADA AGREGADA--TÍTULO RELACIONADO/ANALÍTICO NO CONTROLADO | |
| Título relacionado o analítico no controlado | Entre bobos anda el juego. |
| 830 0# - PUNTO DE ACCESO ADICIONAL DE SERIE-TÍTULO UNIFORME | |
| Título uniforme | La novela teatral, Año VI ; |
| Designación de volumen o secuencia | 235 - Madrid, 22 mayo 1921 |
| 9 (RLIN) | 192161 |
| 852 ## - LOCALIZACIÓN | |
| Ubicación | ES-MaACL |
| Número de control de estantería | 2332-F-17 |
| Estatus retirado | Estado de pérdida | Estado de daño | No para préstamo | Colección | Biblioteca de origen | Biblioteca actual | Ubicación en estantería | Fecha de adquisición | Fuente de adquisición | Total de préstamos | Signatura topográfica completa | Código de barras | Visto por última vez | Precio de reemplazo | Tipo de ítem Koha |
|---|---|---|---|---|---|---|---|---|---|---|---|---|---|---|---|
| Colección de folletos | Biblioteca del Ateneo de Madrid | Biblioteca del Ateneo de Madrid | Depósito folletos | 04/09/2015 | 2332-F-17 | 1194138 | 23/02/2023 | 23/02/2023 | Folleto |
